| 000 | 01306nam a2200325Ia 4500 | ||
|---|---|---|---|
| 001 | ebr10347297 | ||
| 003 | CaPaEBR | ||
| 006 | m u | ||
| 007 | cr cn||||||||| | ||
| 008 | 091015s2009 dcua sb 001 0 eng d | ||
| 010 | _z 2009039932 | ||
| 020 | _z9780815702825 (pbk. : alk. paper) | ||
| 040 |
_aCaPaEBR _cCaPaEBR |
||
| 035 | _a(OCoLC)500685128 | ||
| 050 | 1 | 4 |
_aHD75 _b.W485 2009eb |
| 082 | 0 | 4 |
_a338.9 _222 |
| 245 | 0 | 0 |
_aWhat works in development? _h[electronic resource] : _bthinking big and thinking small / _cJessica Cohen and William Easterly, editors. |
| 260 |
_aWashington, D.C. : _bBrookings Institution Press, _cc2009. |
||
| 300 |
_avi, 245 p. : _bill. |
||
| 504 | _aIncludes bibliographical references and index. | ||
| 533 |
_aElectronic reproduction. _bPalo Alto, Calif. : _cebrary, _d2010. _nAvailable via World Wide Web. _nAccess may be limited to ebrary affiliated libraries. |
||
| 650 | 0 | _aEconomic development. | |
| 650 | 0 | _aSocial planning. | |
| 650 | 0 | _aDevelopment economics. | |
| 655 | 7 |
_aElectronic books. _2local |
|
| 700 | 1 |
_aCohen, Jessica _q(Jessica Lee) |
|
| 700 | 1 |
_aEasterly, William, _d1957- |
|
| 710 | 2 | _aebrary, Inc. | |
| 856 | 4 | 0 |
_uhttp://site.ebrary.com/lib/rucke/Doc?id=10347297 _zAn electronic book accessible through the World Wide Web; click to view |
| 999 |
_c44332 _d44332 |
||